000 00349nam a2200145Ia 4500
008 220923s9999 xx 000 0 und d
020 _a978-93-5143-005-6
082 _bKAN
100 _aKANADE, JAI
245 0 _aPUBLIC INTERNATIONAL LAW
260 _bLEXIS NEXIS, GURGAON
_c2013
300 _a442
650 _aInternational Law
942 _cBK
999 _c195213
_d195213